|
|
|
|
| LEADER |
01118nam a2200325 a 4500 |
| 001 |
000042123 |
| 003 |
9682 |
| 005 |
20190913093230.0 |
| 008 |
171030s1996 |
| 040 |
|
|
|a LNN
|
| 041 |
0 |
|
|a eng
|
| 082 |
1 |
4 |
|a 468.242102465
|b PA-N
|
| 100 |
1 |
|
|a Pascal, Nanette R.
|
| 245 |
0 |
0 |
|a Relaciones comerciales /
|c Nanette R. Pascal, María P. Rojas.
|
| 260 |
|
|
|a Lexington, Mass. :
|b D.C. Heath,
|c 1996.
|
| 300 |
|
|
|a xiii, 283 p. :
|b ill. ;
|c 23.5cm.
|
| 630 |
0 |
4 |
|a Business.
|
| 630 |
0 |
4 |
|a Spanish language.
|
| 650 |
0 |
4 |
|a Spanish language
|x Business
|x Spanish.
|
| 650 |
0 |
4 |
|a Spanish language
|x Textbooks for foreign speakers
|x English.
|
| 700 |
1 |
|
|a Rojas, Maria P.
|
| OWN |
|
|
|a LNN
|
| AVA |
|
|
|a UDN50
|b LNN
|c English
|d 468.24 PA-N
|e available
|t Error 5001 Not defined in file expand_doc_bib_avail.
|f 1
|g 0
|h N
|i 0
|j AN
|k 1
|
| 999 |
|
|
|a From the UDN01
|
| AVA |
|
|
|a UDN50
|b LNN
|c English
|d 468.24 PA-N
|e available
|t Error 5001 Not defined in file expand_doc_bib_avail.
|f 1
|g 0
|h N
|i 0
|j AN
|k 1
|
| TYP |
|
|
|a Monograph
|
| TYP |
|
|
|a Printed language
|
| 980 |
|
|
|a Mạng thư viện Đại học Đà Nẵng
|